Logo CIB grande

DICCIONARIO BIOGRAFICO DEL ECUADOR TOMO I (Registro nro. 199833)

Detalles MARC
000 -LEADER
campo de control de longitud fija 00453nam a2200181Ia 4500
005 - FECHA Y HORA DE LA ÚLTIMA TRANSACCIÓN
campo de control 20250425160951.0
008 - DATOS DE LONGITUD FIJA--INFORMACIÓN GENERAL
campo de control de longitud fija 250425s9999 xx 000 0 und d
041 ## - CÓDIGO DE IDIOMA
Código de lengua del texto/banda sonora o título independiente spa
082 ## - NÚMERO DE LA CLASIFICACIÓN DECIMAL DEWEY
Número de clasificación 920.9866
010 ## - NÚMERO DE CONTROL DE LA BIBLIOTECA DEL CONGRESO
Número de control de LC 9493
100 ## - ENTRADA PRINCIPAL--NOMBRE DE PERSONA
Nombre de persona PEREZ PIMENTEL, RODOLFO
245 #0 - MENCIÓN DEL TÍTULO
Título DICCIONARIO BIOGRAFICO DEL ECUADOR TOMO I
250 ## - MENCION DE EDICION
Mención de edición 1A ED.
260 ## - PUBLICACIÓN, DISTRIBUCIÓN, ETC.
Lugar de publicación, distribución, etc. Ecuador
Nombre del editor, distribuidor, etc. DE LA UNIVERSIDAD DE GUAYAQUIL
Fecha de publicación, distribución, etc. 1987
260 ## - PUBLICACIÓN, DISTRIBUCIÓN, ETC.
Lugar de publicación, distribución, etc. GUAYAQUIL
300 ## - DESCRIPCIÓN FÍSICA
Extensión 511
942 ## - ELEMENTOS DE ENTRADA SECUNDARIOS (KOHA)
Tipo de ítem Koha Libros
Existencias
Estatus retirado Estado de pérdida Fuente de la clasificación o esquema de estantería Estado de daño No para préstamo Biblioteca de origen Biblioteca actual Fecha de adquisición Coste, precio normal de compra Total de préstamos Código de barras Copia número Tipo de ítem Koha Etiqueta RFID Signatura topográfica completa Visto por última vez Fecha de reemplazo
    Clasificación Decimal Dewey     CENTRO DE INFORMACIÓN BIBLIOTECARIA CENTRO DE INFORMACIÓN BIBLIOTECARIA 26/06/1998 0.01   25169 1 Libros        
    Clasificación Decimal Dewey     CENTRO DE INFORMACIÓN BIBLIOTECARIA CENTRO DE INFORMACIÓN BIBLIOTECARIA 30/09/2025 2.00   D-202586 2 Libros 0000000000000000038056 920.9866 30/09/2025 30/09/2025

Copyright 2025 ESPOL. Todos los derechos reservados.